[Event "Koege Lang Sommer Weekend 2020"]
[Site "Koge"]
[Date "2020.07.26"]
[Round "7"]
[White "Saravana, Vedant Kumar"]
[Black "Refsgaard, Kaj"]
[Result "1-0"]
[WhiteElo "1718"]
[BlackElo "1610"]
[EventDate "2020.07.??"]
[EventType "swiss"]
[EventRounds "7"]
[EventCountry "DEN"]

1. e4 c5 2. Nf3 Nc6 3. Bb5 e6 4. Bxc6 bxc6 5. d3 d5 6. e5 Ne7 7. h4 Ba6 8. Nc3
Rb8 9. Rb1 d4 10. Ne4 Nd5 11. Bd2 c4 12. Nxd4 cxd3 13. Nxc6 dxc2 14. Qxc2 Rc8
15. Qa4 Qd7 16. Qxa6 Rxc6 17. Qd3 Qc7 18. Qb5 a6 19. Qa4 Be7 20. Rc1 Kd7 21.
Qxc6+ Qxc6 22. Rxc6 Kxc6 23. g3 Rb8 24. b3 Bb4 25. Ke2 Bxd2 26. Kxd2 Nb4 27.
Rc1+ Kd5 28. Ke3 Kxe5 29. f4+ Kf5 30. Rc5+ Nd5+ 31. Kf3 Rb4 32. g4+ Kg6 33. Rc4
f5 34. Rxb4 fxg4+ 35. Kxg4 Nxb4 36. a3 h5+ 37. Kg3 Nd5 38. Nc5 Kf5 39. Nxa6
Nxf4 40. b4 Ne2+ 41. Kf2 Nd4 42. Nc7 Nc2 43. b5 Nd4 44. b6 Nc6 45. b7 Ke5 46.
Na6 Kd4 47. b8=Q Nxb8 48. Nxb8 e5 49. Nc6+ Kd5 50. Nxe5 Kxe5 51. a4 Kd5 52. Kf3
Kc5 53. Kf4 Kb4 54. Kg5 Kxa4 55. Kxh5 1-0

[Event "Koege Lang Sommer Weekend 2020"]
[Site "Koge"]
[Date "2020.07.26"]
[Round "7"]
[White "Borg, Flemming"]
[Black "Jarlskov, Daniel Tuk Hartso"]
[Result "0-1"]
[WhiteElo "1665"]
[BlackElo "1770"]
[EventDate "2020.07.??"]
[EventType "swiss"]
[EventRounds "7"]
[EventCountry "DEN"]

1. f4 d5 2. g3 Nf6 3. Bg2 Bf5 4. d3 c6 5. Nf3 Qb6 6. e3 e6 7. c3 Bd6 8. O-O
Nbd7 9. h3 Nc5 10. Ne1 Qa6 11. d4 Nd3 12. a3 g5 13. Nd2 gxf4 14. exf4 h5 15.
Nef3 Rg8 16. Kh2 O-O-O 17. Ne5 h4 18. g4 Bxe5 19. fxe5 Bxg4 20. Bf3 Bxf3 21.
Qxf3 Nd7 22. Rg1 Rxg1 23. Kxg1 Rg8+ 24. Kh2 Ne1 25. Qd1 Rg2+ 26. Kh1 Qd3 27.
Qxe1 Qxh3# 0-1

[Event "Koege Lang Sommer Weekend 2020"]
[Site "Koge"]
[Date "2020.07.26"]
[Round "7"]
[White "Derlich, Christian"]
[Black "Keinicke, Mads"]
[Result "0-1"]
[WhiteElo "879"]
[BlackElo "1877"]
[EventDate "2020.07.??"]
[EventType "swiss"]
[EventRounds "7"]
[EventCountry "DEN"]

1. e4 d6 2. Nf3 Nf6 3. Nc3 e5 4. d4 exd4 5. Nxd4 Be7 6. Bc4 O-O 7. O-O Re8 8.
h3 Bf8 9. Bg5 Nbd7 10. Qf3 Ne5 11. Qe2 c6 12. f4 Nxc4 13. Qxc4 Qb6 14. Bxf6
gxf6 15. Rab1 Be6 16. Qd3 c5 17. Qg3+ Kh8 18. f5 cxd4 19. fxe6 dxc3+ 20. Kh1
Rxe6 21. bxc3 Qc6 22. Rbe1 Bg7 23. Rf4 Rg8 24. Rg4 Qe8 25. Qd3 f5 26. Rh4 Bf6
27. Rf4 fxe4 28. Rfxe4 Rxe4 29. Rxe4 Be5 30. Rh4 Rg7 31. c4 Qe7 32. Re4 Qg5 33.
Rg4 Qc1+ 0-1

[Event "Koege Lang Sommer Weekend 2020"]
[Site "Koge"]
[Date "2020.07.26"]
[Round "7"]
[White "Meskenas, Vaidas"]
[Black "Li, Anna Sofie"]
[Result "0-1"]
[WhiteElo "1297"]
[BlackElo "1043"]
[EventDate "2020.07.??"]
[EventType "swiss"]
[EventRounds "7"]
[EventCountry "DEN"]

1. e4 e6 2. Nf3 d5 3. e5 c5 4. d4 Qb6 5. Nc3 Nc6 6. Bb5 Bd7 7. Bxc6 Bxc6 8. O-O
Ne7 9. dxc5 Qxc5 10. Be3 Qb4 11. Rb1 Nf5 12. a3 Qc4 13. Re1 Be7 14. Qd3 Qg4 15.
h3 Qg6 16. Ne2 h6 17. Ned4 Nxd4 18. Qxg6 Nxf3+ 19. gxf3 fxg6 20. Kg2 Bh4 21.
Bd4 O-O 22. Bc5 Rf5 23. Rbd1 Rg5+ 24. Kf1 Bb5+ 25. Re2 Bxe2+ 26. Kxe2 Rxe5+ 27.
Kd3 Rf5 28. Ke3 Rc8 29. Bxa7 Rxc2 30. Bb8 Bxf2+ 31. Kd3 Rxb2 0-1

[Event "Koege Lang Sommer Weekend 2020"]
[Site "Koge"]
[Date "2020.07.26"]
[Round "7"]
[White "Derlich, Sarah Sima"]
[Black "Li, Nikolaj"]
[Result "0-1"]
[WhiteElo "1054"]
[BlackElo "1096"]
[EventDate "2020.07.??"]
[EventType "swiss"]
[EventRounds "7"]
[EventCountry "DEN"]

1. e4 e5 2. Nf3 Nc6 3. Bc4 Nf6 4. Nc3 Nxe4 5. Nxe4 d5 6. Bd3 Bf5 7. Nc3 e4 8.
Qe2 Bc5 9. Bb5 O-O 10. Bxc6 exf3 11. Qxf3 bxc6 12. Qxf5 Re8+ 13. Ne2 Qe7 14.
Qf3 Qe4 15. Qxe4 Rxe4 16. d3 Re6 17. Kd2 Rae8 18. Nc3 Bb4 19. a3 Ba5 20. b4 Bb6
21. Rf1 a5 22. Bb2 d4 23. Na4 Ba7 24. Rae1 Re5 25. Rxe5 Rxe5 26. f4 Rf5 27. g4
Rb5 28. Re1 h6 29. Re8+ Kh7 30. bxa5 Rxa5 31. Nc3 dxc3+ 32. Bxc3 Rxa3 33. Re7
Bg1 34. Rxc7 Bxh2 35. Rxf7 Kg8 36. Rxg7+ Kf8 37. Bd4 Bxf4+ 38. Kd1 Ra4 39. Bf6
Bg5 40. Rc7 Bxf6 41. Rxc6 Kg7 42. c4 Ra8 43. Ke2 Kg6 44. Kf3 Kg5 45. Ke4 Re8+
46. Kf3 Bd4 47. c5 Re3+ 48. Kg2 Rxd3 49. Kf1 Rc3 50. Ke2 Be3 51. Kd1 Kxg4 52.
Rg6+ Kf5 53. Rg3 Kf4 54. Rg6 Kf3 55. Rf6+ Ke4 56. c6 Kd5 57. Rg6 h5 58. Ke2 Bf4
59. Rf6 Ke4 60. Kd1 h4 61. Ke2 h3 62. Kf1 h2 63. Kg2 Rc2+ 64. Kh1 Kf3 65. Rg6
Rc1+ 66. Rg1 Rxg1# 0-1

[Event "Koege Lang Sommer Weekend 2020"]
[Site "Koge"]
[Date "2020.07.26"]
[Round "7"]
[White "Brintlev, Isak Babi"]
[Black "Molvig, Alfred"]
[Result "1-0"]
[WhiteElo "1116"]
[BlackElo "1000"]
[EventDate "2020.07.??"]
[EventType "swiss"]
[EventRounds "7"]
[EventCountry "DEN"]

1. e4 c6 2. d4 d5 3. e5 Bf5 4. Bd3 Bxd3 5. Qxd3 e6 6. Nf3 Ne7 7. Nc3 Nf5 8. O-O
Be7 9. Be3 O-O 10. a3 Nd7 11. b4 a5 12. b5 c5 13. Ne2 Nxe3 14. fxe3 c4 15. Qd2
Nb6 16. c3 Qd7 17. a4 h6 18. Ng3 Bg5 19. Nxg5 hxg5 20. e4 Qd8 21. Qc1 f6 22.
exf6 Rxf6 23. Rxf6 gxf6 24. Qf1 dxe4 25. Nxe4 Nd5 26. Rc1 Qe7 27. g4 Rf8 28.
Ng3 Qa3 29. Re1 Re8 30. Nh5 Kf7 31. Re5 Kg6 32. Rxd5 1-0

[Event "Koege Lang Sommer Weekend 2020"]
[Site "Koge"]
[Date "2020.07.26"]
[Round "7"]
[White "Nielsen, Leo Kresten Roland"]
[Black "Jensen, William Gronn"]
[Result "1-0"]
[WhiteElo "1652"]
[BlackElo "877"]
[EventDate "2020.07.??"]
[EventType "swiss"]
[EventRounds "7"]
[EventCountry "DEN"]

1. e4 e5 2. Nf3 Nc6 3. c3 Nf6 4. d3 d6 5. b4 Bg4 6. Be2 Be7 7. Bg5 b5 8. a4 a6
9. Nbd2 O-O 10. Qb3 Qd7 11. h3 Be6 12. Qb2 h6 13. Bh4 Rfd8 14. d4 exd4 15. axb5
axb5 16. Bxb5 Rxa1+ 17. Qxa1 dxc3 18. Qxc3 Ra8 19. O-O Nd4 20. Nxd4 Qc8 21.
Nxe6 fxe6 22. Bxf6 Bxf6 23. Qb3 c6 24. Bc4 d5 25. exd5 exd5 26. Bd3 Qb8 27. b5
cxb5 28. Qxd5+ Kh8 29. Qe4 Qg8 30. Bxb5 Qa2 31. Bd3 Kg8 32. Bc4+ 1-0

[Event "Koege Lang Sommer Weekend 2020"]
[Site "Koge"]
[Date "2020.07.26"]
[Round "7"]
[White "Koch Mueller, Jesper"]
[Black "Skjoldborg, Lasse Dahl"]
[Result "1-0"]
[WhiteElo "1164"]
[BlackElo "1188"]
[EventDate "2020.07.??"]
[EventType "swiss"]
[EventRounds "7"]
[EventCountry "DEN"]

1. c4 d5 2. e3 Be6 3. b3 Nf6 4. Nc3 g6 5. g3 Bg7 6. Bg2 Bg4 7. Nge2 c6 8. O-O
O-O 9. Qc2 Ne4 10. d3 Bxe2 11. Re1 Nxc3 12. Bb2 Qa5 13. a3 c5 14. b4 cxb4 15.
axb4 Qxb4 16. Bxc3 Bxc3 17. Reb1 Qc5 18. Qxc3 Nc6 19. Rb5 Qd6 20. cxd5 Nd8 21.
Re1 Bg4 22. Rb4 Rc8 23. Qb2 b6 24. Rxg4 Nb7 25. Bh3 Nc5 26. Rd4 Rc7 27. e4 Nd7
28. e5 Nxe5 29. Qe2 Rd8 30. f4 Rc2 31. Qxe5 Qc5 32. Qe3 Rxd5 33. Re4 Qxe3+ 34.
R1xe3 e6 35. Bg2 a5 36. d4 b5 37. Re5 Rxe5 38. Rxe5 Rb2 39. Bc6 a4 40. Bxb5 a3
41. Bc4 Rb4 42. Rc5 Rb2 43. Ra5 Rb1+ 44. Kg2 Ra1 45. Kf3 Kg7 46. g4 Kh6 47. Ra7
Rc1 48. Ba2 Rc3+ 49. Ke4 f5+ 50. gxf5 gxf5+ 51. Ke5 Re3+ 52. Kf6 Re4 53. Ra6
Rxd4 54. Rxe6 Rd2 55. Kxf5+ Kh5 56. Re7 Kh6 57. Bg8 1-0

[Event "Koege Lang Sommer Weekend 2020"]
[Site "Koge"]
[Date "2020.07.26"]
[Round "7"]
[White "Petersen, Erling Hoff"]
[Black "Petersen, Pernille Nakskov"]
[Result "1-0"]
[WhiteElo "1000"]
[BlackElo "1000"]
[EventDate "2020.07.??"]
[EventType "swiss"]
[EventRounds "7"]
[EventCountry "DEN"]

1. d4 d5 2. Nf3 Nc6 3. Bg5 Bf5 4. Nc3 Qd7 5. e3 O-O-O 6. Bb5 f6 7. Bf4 Re8 8.
O-O e5 9. dxe5 fxe5 10. Bxe5 Bg4 11. Qxd5 Bb4 12. Rad1 Rd8 13. Qe4 Qe6 14. Bxg7
Nge7 15. Qxe6+ Bxe6 16. Bxh8 Rxh8 17. a3 Ba5 18. h3 Nb8 19. Ne5 Nf5 20. g4 Nh4
21. f4 Bb6 22. Rd3 a6 23. f5 Bf7 24. Nxf7 axb5 25. Nxh8 1-0